[Event "Salou-A"]
[Site "Salou"]
[Date "2000.??.??"]
[Round "3"]
[White "Hamdouchi, Hicham"]
[Black "Ivanov, Jordan"]
[Result "1/2-1/2"]
[WhiteElo "2541"]
[BlackElo "2461"]
[Annotator "Ftacnik,L"]
[PlyCount "55"]
[EventDate "2000.10.16"]
[EventType "tourn"]
[EventRounds "9"]
[EventCountry "ESP"]
[EventCategory "10"]
[SourceTitle "CBM 080"]
[Source "ChessBase"]
[SourceDate "2001.01.25"]
[SourceVersion "1"]
[SourceVersionDate "2001.01.25"]
[SourceQuality "1"]

1. e4 c5 2. Nf3 e6 3. d4 cxd4 4. Nxd4 Nf6 5. Nc3 d6 6. Be3 Nc6 7. Bc4 Be7 8.
Qe2 O-O 9. O-O-O Bd7 10. Rhg1 Nxd4 11. Bxd4 Bc6 12. g4 Nd7 13. f4 Bf6 $6 {
[%mdl 128] Ivanov is chosing a bit naive defensive set up, white pieces are
too active and d6 square will suffer.} (13... Qa5 $5 14. Qe1 Rae8 15. Nd5 Bd8
$1) 14. g5 Bxd4 15. Rxd4 e5 (15... Nb6 16. Rgd1 Qc7 17. Rxd6 Nc8 18. R6d4 Qxf4+
19. Qd2 Qe5 $14) 16. Rxd6 Qe7 17. Qd2 exf4 18. g6 $1 Ne5 (18... hxg6 19. Rdxg6
Qe5 20. Qg2 $18) 19. gxf7+ Kh8 (19... Nxf7 20. Qd4 $1 g5 21. Rf6 $18) 20. Qg2
$6 (20. Qd4 $1 Rad8 (20... Ng6 21. Rgxg6 hxg6 22. Rxg6 Rxf7 23. Rh6+ Kg8 24.
Rh5 $18) 21. Rxd8 Rxd8 22. Nd5 Bxd5 23. Bxd5 $16) 20... g6 21. Re6 Qxf7 (21...
Qc5 22. Qg5 Qe3+ 23. Kb1 Nxf7 24. Qf6+ Kg8 25. Rxg6+ $1 $18) 22. Rxe5 Qxc4 23.
Re7 Rf7 24. b3 $2 {White is not happy with uncler position, but his aggrssion
goes too far.} (24. Rxf7 Qxf7 25. Qf3 Re8 $13) 24... Qxc3 25. Rxf7 Qa1+ 26. Kd2
Qd4+ (26... Rd8+ 27. Ke2 Bb5+ 28. c4 Qxa2+ 29. Kf3 Qxb3+ 30. Kxf4 Kg8 31. Qg5
Qd3 $13) 27. Kc1 Qa1+ $2 (27... Bxe4 $1 28. Qg5 (28. Rxf4 Rd8 $1 29. Kb1 (29.
Qxe4 Qa1#) 29... Qd1+ $1 30. Rxd1 Rxd1+ 31. Kb2 Bxg2 $19) 28... Rc8 29. Qf6+
Qxf6 30. Rxf6 Rxc2+ $19) (27... Kg8 $1 28. Re7 (28. Rxh7 Bxe4 29. Rd7 Qe3+ 30.
Qd2 Qxg1+ $19) 28... Qa1+ 29. Kd2 Rd8+ 30. Ke2 Qc3 $19) 28. Kd2 1/2-1/2

[Event "FIDE World Cup"]
[Site "Khanty-Mansiysk"]
[Date "2005.12.01"]
[Round "2.2"]
[White "Areshchenko, Alexander"]
[Black "Balogh, Csaba"]
[Result "1-0"]
[WhiteElo "2653"]
[BlackElo "2567"]
[Annotator "Ftacnik,L"]
[PlyCount "75"]
[EventDate "2005.11.27"]
[EventType "k.o."]
[EventRounds "7"]
[EventCountry "RUS"]
[SourceTitle "CBM 111"]
[Source "ChessBase"]
[SourceDate "2006.04.04"]
[SourceVersion "1"]
[SourceVersionDate "2006.04.04"]
[SourceQuality "1"]

1. e4 c5 2. Nf3 d6 3. d4 cxd4 4. Nxd4 Nf6 5. Nc3 Nc6 6. Bc4 e6 7. Be3 Be7 8.
Qe2 Bd7 9. O-O-O Rc8 10. Bb3 Na5 11. f3 O-O 12. g4 Nxb3+ 13. axb3 Qa5 14. Kb1 {
White has rather solid position on the queenside, but he must nevertheless
show some caution.} (14. g5 Ne8 15. Rhg1 (15. f4 d5 16. exd5 Rxc3 $1 17. bxc3
Qxc3 18. Kb1 Ba3 19. Bc1 Bxc1 20. Rxc1 Qxd4 21. dxe6 Bxe6 {0-1 Ohlund,N (1650)
-Troffiguer,O (2160)/France 1999 (26)}) 15... Nc7 16. f4 Na6 17. Kd2 d5 18. Ra1
Qc7 19. Kd1 dxe4 20. Nxe4 e5 21. Nf6+ Kh8 22. fxe5 Rfd8 23. Nxd7 Rxd7 24. c3
Qxe5 {0-1 Schneider,D (2240)-Ashley,M (2465)/New York 1997 (39)}) 14... Ne8 15.
h4 (15. Rhg1 Nc7 16. f4 b5 17. e5 dxe5 18. Nf5 exf5 19. Rxd7 b4 20. Rxe7 bxc3
21. Rxe5 Nd5 22. Bd4 cxb2 23. Bxb2 fxg4 24. Qxg4 g6 25. c4 {1-0 Wohl,A (2425)
-Becerra Rivero,J (2510)/Ubeda 1997 (34)}) (15. Qd2 Kh8 16. h4 Nc7 17. Na2 (17.
g5 d5 18. exd5 Bb4 19. Nde2 Nxd5 20. Bd4 Rc6 21. Qd3 Ra6 22. Kc1 Bb5 23. Qe4
Bxe2 {0-1 Bozinovic,B (2137)-Balogh,C (2340)/Budapest 2001 (30)}) 17... Qxd2
18. Rxd2 d5 19. Ne2 Bc6 20. Nd4 Be8 21. Bf4 dxe4 22. fxe4 Na6 23. h5 Nc5 $11 {
0-1 Menoni,V (2270)-Greenfeld,A (2540)/Montecatini Terme 1997 (37)}) 15... Nc7
16. Bg5 $5 {Areschenko is unsure, if he can break on the kingside without a
bishop's pair. The unusual exchange proposal aims to change the character of
the struggle.} (16. Qd2 Na6 17. Nd5 Qd8 18. Nxe7+ Qxe7 19. h5 Rfd8 20. g5 e5
21. Nf5 Bxf5 22. exf5 d5 23. f6 Qe6 24. fxg7 d4 25. Bf2 $16 {1/2-1/2 Smetankin,
S (2385)-Gershon,A (2255)/Menorca 1996 (42)}) 16... f6 (16... Bd8 17. Qh2 Qa6
$13) 17. Bd2 Qa6 18. Qg2 (18. Qxa6 Nxa6 19. f4 Rfe8 $11) 18... Qb6 (18... d5 $5
19. exd5 exd5 20. Qe2 Bc5 $11) 19. Be3 Qa5 20. g5 f5 $6 {Balogh is starting to
drift in the defense, his own initiative on the queenside is stalled.} (20...
b5 21. Qh3 b4 22. Nce2 f5 $13) 21. exf5 exf5 22. Bf4 Rfe8 (22... Nd5 23. Nxd5
Qxd5 24. Qd2 Rfe8 25. h5 $16) 23. h5 Bf8 24. Rhg1 (24. Qg3 Nd5 25. Nxd5 Qxd5
26. c3 $14) 24... g6 $2 {[%mdl 16384] The opening of the h file will be
terminal for black, much better 24...Ne6!? could still keep the demage limited.
} (24... Ne6 $5 25. Nxe6 Rxe6 26. Qg3 $14) 25. Qh2 Bg7 (25... Qa6 26. hxg6 hxg6
27. Rh1 Bg7 28. Qh7+ Kf7 29. Rh6 d5 30. Bxc7 Rxc7 (30... Rh8 31. Qxg7+ Kxg7 32.
Be5+ Kf7 33. Bxh8 $18) 31. Nxd5 Rh8 32. Qxh8 Bxh8 33. Rxh8 $18) 26. Bxd6 Nd5 (
26... Ne6 27. b4 Qd8 28. Be5 Bxe5 29. Qxe5 Nxd4 30. Qxd4 $18) 27. Nxd5 Qxd5 28.
Rh1 Kf7 (28... Bxd4 $2 29. hxg6 Re7 30. Bxe7 $18) 29. Qf4 Rcd8 $6 {Black's
prospects are misserable, but this omission loses the exchange.} (29... Kg8 30.
hxg6 hxg6 31. Bb4 a5 32. Bc3 $18) 30. hxg6+ hxg6 31. c4 Qa5 32. Bc7 Qc5 33.
Bxd8 (33. Nb5 Re2 34. Rd2 Qf2 35. Rhd1 Bxb5 36. Bxd8 $18) 33... Rxd8 34. Rh7
Re8 (34... Rh8 35. Rxh8 Bxh8 36. Nc2 Bc6 37. Re1 $18) 35. Qh2 Qe5 36. f4 Qe4+
37. Nc2 Bc6 (37... Qe6 38. c5 Qe7 39. Rd6 Be6 40. Nd4 $18) 38. Qh6 (38. Qh6 Rg8
39. Rd6 $18) 1-0

[Event "Penta Media GM"]
[Site "Kelamabakkam"]
[Date "2000.08.27"]
[Round "13"]
[White "Reefat, Bin Sattar"]
[Black "Sandipan, Chanda"]
[Result "1-0"]
[WhiteElo "2467"]
[BlackElo "2446"]
[Annotator "Ftacnik,L"]
[PlyCount "41"]
[EventDate "2000.08.14"]
[EventType "tourn"]
[EventRounds "12"]
[EventCountry "IND"]
[EventCategory "11"]
[SourceTitle "CBM 079"]
[Source "ChessBase"]
[SourceDate "2000.11.21"]
[SourceVersion "1"]
[SourceVersionDate "2000.11.21"]
[SourceQuality "1"]

1. e4 c5 2. Nf3 d6 3. d4 cxd4 4. Nxd4 Nf6 5. Nc3 Nc6 6. Bc4 e6 7. Be3 Be7 8.
Qe2 O-O 9. O-O-O a6 10. Rhg1 Qe8 11. g4 Nd7 12. g5 Nc5 (12... Nxd4 13. Rxd4 b5
14. Bb3 Nc5 15. Qh5 Nxb3+ 16. axb3 f5 17. g6 hxg6 18. Rxg6 Bf6 19. Rxd6 {
1-0 Pisk,P-Hausner,I/CZE/1998/ (27)}) 13. Qh5 (13. f4 Nxd4 14. Bxd4 b5 15. Bxc5
dxc5 16. Nxb5 Bxg5 17. Rxg5 axb5 18. Bxb5 Qe7 19. Qc4 Qf6 20. e5 Qh6 {0-1
Kamble,V-Turzo,A/Calicut/1998/ (57)}) 13... Nxd4 $6 {The whole concept of
defense with 10...Qe8 is very risky for black. Very often white gets the
chance to place the bishop on f6 and the game is over.} (13... b5 14. Bd3 (14.
Nxc6 bxc4 15. Nxe7+ Qxe7 16. e5 d5 17. Rd4 g6 18. Qh6 f5 19. gxf6 Qf7 20. Rdg4
{1-0 Sulava,N-Grbac,B/Djakovo/1994/ (20)}) 14... Nxd4 15. Bxd4 b4 16. Bf6 $1
Kh8 17. e5 Nxd3+ 18. Rxd3 Bxf6 19. Rh3 h6 20. gxf6 {1-0 Hostinsky,J-Vodicka,V/
CZE/1997/ (20)}) 14. Bxd4 b5 (14... Kh8 15. Rg4 e5 16. Rh4 Bxg5+ 17. Qxg5 exd4
(17... f6 18. Rxh7+ Kxh7 19. Qh4+ Kg6 20. Rg1+ $18) 18. Nd5 $18) (14... f6 15.
Qxe8 Rxe8 16. gxf6 $18) 15. Bf6 $1 {[%mdl 128] Black is lost without ever
having gotten a fighting chance,his kingside is not really defended by any
piece.} Kh8 (15... gxf6 16. gxf6+ Kh8 17. Rg7 $18) (15... Bxf6 16. gxf6 g6 17.
Qh6 $18) (15... bxc4 16. Qh6 $1 gxh6 17. gxh6#) 16. Rg4 $1 Bxf6 (16... bxc4 17.
Rh4 $18) 17. gxf6 g5 (17... g6 18. Qh6 Rg8 19. Qxh7+ $1 Kxh7 20. Rh4#) 18. h4
$1 {Opening of the h file for the second white rook wins immediatelly.} e5 (
18... Rg8 19. hxg5 Rg6 20. Rh1 Qg8 (20... h6 21. Qxh6+ Rxh6 22. Rxh6+ Kg8 23.
Rgh4 $18) 21. Rgh4 $18) 19. hxg5 Nxe4 (19... Bxg4 20. Qh6 $1 Rg8 21. Rh1 $18) (
19... bxc4 20. Rh1 $18) 20. Rh1 (20. Qxh7+ $5 Kxh7 21. g6+ $1 (21. Rh1+ $2 Kg6
$19) 21... Kg8 22. gxf7+ Kh7 23. Rh1#) 20... Bf5 21. Rgh4 (21. Rgh4 Nxg5 22.
Qxg5 Rg8 23. Rxh7+ Bxh7 24. Rxh7+ Kxh7 25. Qh5#) 1-0

[Event "Moscow op-A 04th"]
[Site "Moscow"]
[Date "2008.02.07"]
[Round "6"]
[White "Popov, Ivan1"]
[Black "Novikov, Stanislav"]
[Result "1-0"]
[WhiteElo "2595"]
[BlackElo "2545"]
[Annotator "Ftacnik,L"]
[PlyCount "57"]
[EventDate "2008.02.02"]
[EventType "swiss"]
[EventRounds "9"]
[EventCountry "RUS"]
[SourceTitle "CBM 122 Extra"]
[Source "ChessBase"]
[SourceDate "2008.03.04"]
[SourceVersion "1"]
[SourceVersionDate "2008.03.04"]
[SourceQuality "1"]

1. e4 c5 2. Nf3 Nc6 3. Nc3 d6 4. d4 cxd4 5. Nxd4 Nf6 6. Bc4 e6 7. Be3 a6 8. Qe2
Na5 9. Bd3 b5 10. b4 Nc4 11. O-O $5 {[%mdl 8] The variation with 10.b4 is well
known, but not quite sufficient to promise anything for White. Popov comes up
with an unsual idea of keeping the light-squared bishop.} (11. Bxc4 bxc4 12.
Qxc4 (12. a3 Bb7 13. f3 Qc7 14. O-O d5 (14... Be7 15. Bf2 g6 16. Qe1 O-O 17.
Rd1 Rfd8 18. Bh4 h6 19. Kh1 Kg7 20. Qg3 g5 21. f4 Nh5 22. Qf3 Nxf4 23. Nce2 e5
{1-0 Fedorov,A (2580)-Kovalev,A (2405)/Minsk 1997 (32)}) 15. exd5 Nxd5 16. Nxd5
Bxd5 17. Rad1 Bd6 18. f4 O-O 19. Nf5 Rfd8 20. Nxd6 Qxd6 21. Qg4 Qe7 22. Bd4 f6
23. Rfe1 $14 {1-0 Azarov,S (2582)-Bakre,T (2467)/Pardubice 2005 (52)}) 12...
Bb7 13. O-O (13. Rd1 Rc8 14. Qb3 Qc7 15. Qa4+ Qd7 16. Qxd7+ Nxd7 17. Nde2 Nf6
18. f3 d5 19. e5 Nd7 20. Bd4 Bxb4 21. Rb1 Rc4 $15 {1/2 Kuczynski,R (2460)
-Dautov,R (2525)/Dresden 1988 (54)}) 13... Rc8 14. Qb3 (14. Qd3 d5 15. e5 Nd7
16. Bf4 Bxb4 17. Nce2 Be7 18. Rab1 Nc5 19. Qh3 O-O 20. Ng3 Kh8 21. Nh5 Rg8 22.
Rfe1 Ba8 23. g4 Ne4 24. f3 Rc3 $17 {0-1 Frolov,D (2447)-Aseev,K (2554)/St
Petersburg 2000 (38)}) 14... Qc7 15. Qa4+ (15. Bd2 e5 16. Nf5 Nxe4 17. Nxe4
Bxe4 18. Ne3 Be7 19. c4 Bg5 20. Rfc1 Qd7 21. f3 Ba8 22. Qd3 Bxe3+ 23. Bxe3 $14
{0-1 Brodsky,M-Kovalev,A (2500)/Bela Crkva 1990 (44)}) 15... Qd7 16. Qxd7+ Nxd7
17. Nde2 Rc4 18. f3 Be7 19. Bd4 O-O 20. Rab1 Rfc8 21. Rb3 g6 22. Rd1 f5 23.
exf5 gxf5 {1/2 Solozhenkin,E (2528)-Ionov,S (2558)/St Petersburg 2000 (50)})
11... Bb7 (11... Nxe3 12. Qxe3 (12. fxe3 Bd7 13. a4 Rc8 $11) 12... Qb6 13. a4
Bd7 (13... Ng4 14. Qd2 g6 15. Nf3 Bh6 16. Qe1 $14) 14. h3 Rc8 (14... bxa4 15.
Nxa4 Qxb4 16. Rfb1 Qxb1+ 17. Rxb1 Bxa4 18. Ra1 Bd7 19. Rxa6 $18) 15. axb5 e5 (
15... Rxc3 16. Rxa6 Qb7 17. Rfa1 Rc8 18. Nc6 $18) 16. Nde2 Qxe3 17. fxe3 axb5
18. Ra7 $14) 12. a4 $1 Nxe3 13. Qxe3 bxa4 (13... Rc8 $2 14. axb5 Rxc3 15. bxa6
Rxd3 16. axb7 Rxe3 17. Ra8 Nd7 18. Nc6 Be7 19. Nxd8 Bxd8 20. fxe3 $18) 14. Rxa4
Be7 15. Rfa1 Qc8 {Novikov decided to defend the a6-pawn in the hope of
surviving till his development could be completed.} (15... O-O 16. Bxa6 Ng4 17.
Qd2 Bg5 18. Qe2 Bxa6 19. Rxa6 Rxa6 20. Rxa6 $16) 16. b5 axb5 (16... Qxc3 $6 17.
bxa6 O-O 18. axb7 Qxa1+ 19. Rxa1 Rxa1+ 20. Bf1 Rb1 21. Nb3 $18) 17. Bxb5+ Kf8
18. Rxa8 Bxa8 19. e5 {Dangerous as it may seem, the opening of the centre may
not represent the most dangerous line for Black. White might have tried to
improve his prospects with piece play.} (19. Ba6 Qd8 20. Bc4 Qc8 21. Ra7 Bb7
22. Nb3 h5 23. Na5 $16) 19... dxe5 (19... Ng4 $2 20. Bd7 $1 Qb8 21. Nxe6+ fxe6
22. Qf4+ $18) 20. Qxe5 g6 $2 {Black needs to finish development, but he is not
obliged to castle. The weakening of the a1-h8 diagonal will prove to be fatal.}
(20... Bb7 21. Ra4 h5 22. h3 $14) 21. Ra7 Bb7 (21... Rg8 22. Ba6 Qd8 23. Bc4
Kg7 24. g4 h6 25. h4 Kh7 26. Bxe6 Rg7 (26... fxe6 27. Qxf6 $18) 27. g5 $16) 22.
h3 (22. Na4 $1 Kg7 23. Ba6 Bxa6 24. Rxe7 $18) 22... h5 (22... Rg8 23. Na4 Nd5
24. c4 Bf6 25. Qd6+ Be7 26. Qd7 $18) 23. Na4 $1 {Unusual in the respect that
the knight chooses the edge of the board in its quest to improve its location.}
Kg7 (23... Kg8 24. Nb6 Qc5 25. Qb8+ Bf8 26. Qxb7 Rh7 27. Ra4 e5 28. Rc4 Qd6 29.
Rc6 Qxd4 30. Rxf6 $18) 24. Ba6 Bxa6 (24... Qb8 25. Qxb8 Rxb8 26. Rxb7 $18) 25.
Rxe7 {The key defender is gone from e7, Novikov can not hold for much longer.}
Bc4 (25... Re8 26. Nxe6+ Kg8 27. Qxf6 $18) 26. Nc5 Re8 (26... Kg8 27. Qxf6 e5
28. Qxe5 $18) 27. Ncxe6+ Bxe6 28. Nxe6+ Qxe6 29. Qxe6 1-0

[Event "BLR-ch 71st"]
[Site "Minsk"]
[Date "2005.03.04"]
[Round "1"]
[White "Fedorov, Alexei"]
[Black "Lutsko, Igor"]
[Result "1-0"]
[WhiteElo "2603"]
[BlackElo "2527"]
[Annotator "Ftacnik,L"]
[PlyCount "107"]
[EventDate "2005.03.04"]
[EventType "tourn"]
[EventRounds "13"]
[EventCountry "BLR"]
[EventCategory "9"]
[SourceTitle "CBM 106"]
[Source "ChessBase"]
[SourceDate "2005.06.06"]
[SourceVersion "1"]
[SourceVersionDate "2005.06.06"]
[SourceQuality "1"]

1. e4 c5 2. Nf3 Nc6 3. d4 cxd4 4. Nxd4 Nf6 5. Nc3 d6 6. Bc4 e6 7. Be3 a6 8. Qe2
Qc7 9. O-O-O Be7 10. Bb3 O-O 11. Rhg1 b5 12. g4 b4 13. Nxc6 Qxc6 14. Nd5 exd5
15. g5 Nxe4 16. Bxd5 Qa4 17. Bd4 Bf5 18. Bxe4 Bxe4 19. Qxe4 Rfe8 20. Kb1 (20.
Qd5 Bf8 21. Qb3 Qxb3 22. axb3 a5 23. Kd2 Re4 24. Be3 Rh4 25. Ke2 g6 26. Rd5 a4
27. bxa4 Rxa4 {1/2-1/2 Watson,W-Weindl,A/Brocco 1991/ (40)}) 20... Bf8 $6 {
The first independent move is probably wrong, since there will be a huge
difference in the impact of bishops.} (20... Bf6 21. Qd5 Bxd4 22. Rxd4 {
1/2-1/2 Hennel,K-Dobrovolsky,L/Trnava 1979/ (22)}) (20... Rac8 21. Qd3 Bf8 22.
Rg4 Qd7 23. Rh4 g6 24. Qf3 Qe6 25. Qf4 h5 26. gxh6 Kh7 {1/2-1/2 Rublevsky,
S-Zakharstov,V/Smolensk 1991/ (32)}) 21. Qd3 Qc6 (21... d5 22. h4 Qc6 23. h5
$14) 22. h4 Qe4 23. h5 Rac8 (23... Qxd3 24. Rxd3 Re2 25. Kc1 Rae8 26. Kd1 $14)
24. Be3 Re6 (24... d5 25. h6 g6 26. Rd2 Red8 27. Rgd1 $14) 25. Qxe4 Rxe4 26.
Rd5 {[%mdl 4096] The endgame is extremely difficult, since black has to worry
about worse pawn structure and passive bishop.} Rec4 27. Rc1 Be7 (27... Rh4 28.
Rd4 Rxd4 29. Bxd4 Be7 30. f4 d5 $14) 28. b3 Re4 (28... Rh4 29. h6 $14) 29. Rcd1
Rc6 (29... Re5 30. a3 a5 (30... bxa3 31. c4 $16) 31. a4 f6 32. g6 $16) 30. R5d4
(30. a3 $5 bxa3 31. c4 Rh4 32. h6 $16) 30... Rxd4 (30... f5 31. gxf6 Rxd4 32.
Rxd4 Bxf6 33. Rxb4 $16) 31. Rxd4 {The exchange of the pair of rooks has only
made matters worse, Lutsko has no counterplay at all.} a5 32. Rd5 Bd8 (32...
Ra6 33. a3 bxa3 34. Ka2 Rc6 35. Rxa5 Rxc2+ 36. Kxa3 $16) 33. Rb5 Kf8 34. Bd4
Rc8 (34... Bc7 35. a3 bxa3 36. c3 $1 Ke7 37. Ka2 $16) 35. Kb2 g6 (35... h6 36.
f4 hxg5 37. fxg5 f6 38. g6 $16) 36. hxg6 hxg6 37. c3 bxc3+ $6 {The tirering
defense has probably influenced defender's judgement, white will now be able
to attack also a5 pawn.} (37... Ra8 38. c4 Ke7 39. Rd5 Ke6 40. a4 $16) 38. Bxc3
Ke8 (38... f5 39. f4 Ra8 40. Rb7 $16) 39. Bxa5 Bxa5 40. Rxa5 Kd7 41. a4 Rh8 42.
Ra7+ (42. Rd5 Rh2 43. Rd2 Rg2 44. b4 Rxg5 45. Kb3 $16) 42... Ke6 43. Rc7 {
The rook ending is beyond hope, since white connected pawns will be simply
rolling over.} Rh2 44. Rc2 Rg2 45. a5 $1 Rxg5 46. b4 Rb5 (46... d5 47. a6 Rh5
48. Rc8 $18) 47. Kb3 d5 48. a6 Rb8 49. Ka4 d4 50. b5 Kd5 51. a7 Ra8 52. b6 d3
53. Rd2 (53. Rc3 d2 54. Rd3+ Kc6 55. Ka5 $18) 53... Kc6 54. Ka5 1-0

[Event "Rostock-10 GM Group"]
[Site "Rostock"]
[Date "1984.08.13"]
[Round "3"]
[White "Lanc, Alois"]
[Black "Boensch, Uwe"]
[Result "1-0"]
[WhiteElo "2390"]
[BlackElo "2425"]
[Annotator "Ftacnik,L"]
[PlyCount "61"]
[EventDate "1984.08.11"]
[EventType "tourn"]
[EventRounds "9"]
[EventCountry "DDR"]
[EventCategory "8"]
[SourceTitle "MCL"]
[Source "ChessBase"]
[SourceDate "1999.07.01"]
[SourceVersion "1"]
[SourceVersionDate "1999.07.01"]
[SourceQuality "1"]

1. e4 c5 2. Nf3 d6 3. d4 cxd4 4. Nxd4 Nf6 5. Nc3 e6 6. Be3 Nc6 7. Bc4 a6 8. Qe2
Be7 9. O-O-O Qc7 10. Bb3 O-O (10... Na5 11. g4 b5 12. g5 Nxb3+ 13. axb3 Nd7 14.
h4 (14. Nf5 b4 15. Na4 Nc5 16. h3)) 11. g4 Nd7 (11... Nxd4 12. Rxd4) 12. Rhg1
Nc5 13. Nf5 exf5 14. gxf5 Ne5 15. Nd5 Qd8 16. f4 Ned7 17. Qg2 Nxb3+ 18. axb3 g6
19. Bd4 Bh4 $2 20. Rd3 Nf6 21. Nb6 Rb8 22. Rh3 Ne8 23. Qg4 Ng7 24. Rxh4 Bxf5
25. exf5 Nxf5 26. Qxf5 Qxh4 27. Nd5 Rfe8 28. Qf6 Re1+ 29. Kd2 Qxh2+ 30. Kxe1
Re8+ 31. Kd1 1-0

[Event "Groningen Harmonie+"]
[Site "Groningen"]
[Date "2002.12.21"]
[Round "1"]
[White "Dgebuadze, Alexandre"]
[Black "Baramidze, David"]
[Result "1-0"]
[WhiteElo "2537"]
[BlackElo "2390"]
[Annotator "Ftacnik,L"]
[PlyCount "53"]
[EventDate "2002.12.21"]
[EventType "tourn"]
[EventRounds "9"]
[EventCountry "NED"]
[EventCategory "10"]
[SourceTitle "CBM 093"]
[Source "ChessBase"]
[SourceDate "2003.04.01"]
[SourceVersion "1"]
[SourceVersionDate "2003.04.01"]
[SourceQuality "1"]

1. e4 c5 2. Nf3 Nc6 3. d4 cxd4 4. Nxd4 Nf6 5. Nc3 d6 6. Bc4 e6 7. Bb3 Be7 8.
Be3 O-O 9. Qe2 a6 10. O-O-O Qc7 11. g4 Nxd4 12. Rxd4 Nd7 13. g5 Nc5 14. Rg1 f5
$6 15. exf5 Rxf5 16. Rh4 Nxb3+ 17. axb3 g6 18. Rg3 Bd7 19. Rgh3 Rf7 20. Qd3 Rg7
{[%mdl 128] The first independent move in the line, that is extremely dubious
for black. White was preparing Qxg6+! move and his pieces are simply too
strongly aiming at black's kingside.} (20... e5 21. Nd5 (21. Qxg6+ Rg7 22.
Qxg7+ Kxg7 23. Rxh7+ Kg8 24. Rh8+ Kf7 25. R3h7+ Kg6 26. Rh6+ Kg7 27. R8h7+ Kf8
28. Rxe7 $18) 21... Qa5 22. Qxg6+ Kf8 23. b4 Qxd5 24. Rxh7 Qh1+ 25. Kd2 Qd5+
26. Kc1 Qh1+ 27. Kd2 {1/2-1/2 Szmetan,J-Liberzon,V/Buenos Aires 1979/ (27)})
21. Rxh7 $1 Rxh7 22. Qxg6+ Rg7 23. Qh6 Bxg5 (23... Kf7 24. Qh5+ Kf8 25. Qh8+
Rg8 26. Rf3+ $18) (23... Qc6 24. g6 Qh1+ 25. Kd2 $18) 24. Bxg5 Bc6 (24... Qc6
25. Bf6 Rg1+ 26. Kd2 Kf7 27. Qh7+ Kxf6 28. Rh6+ Ke5 29. f4+ Kd4 30. Qd3+ Kc5
31. Qe3+ Kb4 32. Qd4+ Ka5 33. b4#) 25. Bf6 Rg1+ 26. Kd2 Qd7 27. Qf4 $1 {
The stylish final move kills away any black hopes for the survival.} (27. Qf4
$1 Rg7 28. Bxg7 Qxg7 29. Rg3 $18) 1-0

[Event "Alushta Autumn 1st"]
[Site "Alushta"]
[Date "2002.09.21"]
[Round "9"]
[White "Solovjov, Sergey"]
[Black "Shtyrenkov, Veniamen"]
[Result "1-0"]
[WhiteElo "2457"]
[BlackElo "2457"]
[Annotator "Ftacnik,L"]
[PlyCount "58"]
[EventDate "2002.09.15"]
[EventType "tourn"]
[EventRounds "15"]
[EventCountry "UKR"]
[EventCategory "9"]
[SourceTitle "CBM 092"]
[Source "ChessBase"]
[SourceDate "2003.02.06"]
[SourceVersion "1"]
[SourceVersionDate "2003.02.06"]
[SourceQuality "1"]

1. e4 c5 2. Nf3 Nf6 3. Nc3 Nc6 4. d4 cxd4 5. Nxd4 d6 6. Bc4 e6 7. Be3 Be7 8.
Qe2 O-O 9. O-O-O a6 10. Bb3 Qe8 11. Rhg1 b5 12. g4 Nxd4 13. Bxd4 Nd7 14. g5 Nc5
15. Qh5 Nxb3+ 16. axb3 e5 17. Nd5 Kh8 (17... exd4 18. Nf6+ $1 Bxf6 19. gxf6
Qxe4 20. Qh6 $18) 18. Bc3 $5 {[%mdl 4] The variation is somewhat dubious for
the defender as white's attack can become very dangerous.} (18. Bb6 Be6 19. Nc7
Qc6 20. Nxe6 fxe6 21. g6 h6 22. Be3 Qxe4 23. Bxh6 Qh4 24. Qxh4 Bxh4 25. Rxd6
Bxf2 26. Rg2 Rf5 27. Bg5 Rxg5 {1/2-1/2 Lazic,M-Kosic,D/Kladovo 1990/ (27)})
18... Bb7 (18... Bd8 19. Bb4 Qe6 20. Rd3 $16) 19. Nc7 Qc8 20. Nxa8 Bxe4 (20...
Qxa8 21. f3 $16) 21. Nb6 Qc6 22. Qe2 Rb8 (22... Bf3 23. Qe3 Rb8 24. Nd7 Rb7 25.
Nxe5 $18) 23. Nd7 Rb7 (23... Rd8 24. f3 Bxf3 25. Nxe5 dxe5 26. Rxd8+ Bxd8 27.
Qxe5 $18) 24. f3 $1 {Nice little combination in order to get closer to the
center with white queen after the impending Nxe5.} Bxf3 (24... Bg6 25. Nxe5
dxe5 26. Qxe5 f6 27. gxf6 Bxf6 28. Qd6 $18) 25. Nxe5 dxe5 (25... Bxe2 26. Nxc6
$18) 26. Qxe5 f6 (26... Qg6 27. Rd8+ $1 Bxd8 28. Qe8#) 27. gxf6 Bxf6 28. Qxf6 (
28. Rd6 h5 29. Rxf6 gxf6 30. Qf5 Rf7 31. Qg6 $18) 28... Qxf6 29. Bxf6 Bxd1 {
White will have no problem to win pawn endgame with one extra man.} (29... Bxd1
30. Rxg7 Rxg7 31. Kxd1 Kg8 32. Bxg7 Kxg7 33. Kd2 $18) 1-0